000 00441nam a2200157Ia 4500
008 210716s2002 xx 000 0 und d
020 _a8120321553
041 _aeng
082 _a004.21 KENK
100 _aKendall, Kenneth E;Kendall, Julie E.
245 _aSystems analysis and design.
250 _a5
260 _aNew Delhi
_bPrentice Hall of India PVt Ltd.
_c2002
300 _axxx,885
650 _aSystem s Analysis & Design(004.21)
999 _c185192
_d185192